<?xml version="1.0" encoding="UTF-8"?>
<record
    xmlns:xsi="http://www.w3.org/2001/XMLSchema-instance"
    xsi:schemaLocation="http://www.loc.gov/MARC21/slim http://www.loc.gov/standards/marcxml/schema/MARC21slim.xsd"
    xmlns="http://www.loc.gov/MARC21/slim">

  <leader>01640nam a2200385uu 4500</leader>
  <controlfield tag="001">1061967</controlfield>
  <controlfield tag="005">20260507082857.0</controlfield>
  <controlfield tag="008">080115s1997                        spa  </controlfield>
  <datafield tag="020" ind1=" " ind2=" ">
    <subfield code="a">9507861343</subfield>
  </datafield>
  <datafield tag="035" ind1=" " ind2=" ">
    <subfield code="a">1061967</subfield>
  </datafield>
  <datafield tag="035" ind1=" " ind2=" ">
    <subfield code="a">(OCoLC)38267557</subfield>
  </datafield>
  <datafield tag="040" ind1=" " ind2=" ">
    <subfield code="c">comduadb</subfield>
  </datafield>
  <datafield tag="041" ind1=" " ind2=" ">
    <subfield code="a">spa</subfield>
  </datafield>
  <datafield tag="080" ind1=" " ind2=" ">
    <subfield code="a">H</subfield>
  </datafield>
  <datafield tag="082" ind1=" " ind2="4">
    <subfield code="a">300</subfield>
  </datafield>
  <datafield tag="100" ind1="1" ind2="0">
    <subfield code="a">Diaz, Esther</subfield>
    <subfield code="4">edt</subfield>
    <subfield code="e">edt</subfield>
    <subfield code="9">450410</subfield>
  </datafield>
  <datafield tag="245" ind1="1" ind2="0">
    <subfield code="a">Metodolog&#xED;a de las ciencias sociales</subfield>
  </datafield>
  <datafield tag="260" ind1=" " ind2=" ">
    <subfield code="a">Argentina :</subfield>
    <subfield code="b">Biblos,</subfield>
    <subfield code="c">1997.</subfield>
  </datafield>
  <datafield tag="300" ind1=" " ind2=" ">
    <subfield code="a">214 p&#xE1;ginas.</subfield>
  </datafield>
  <datafield tag="505" ind1=" " ind2=" ">
    <subfield code="a">CONTENIDO : Presentaci&#xF3;n. -- l: Las condiciones de posibilidad de la filosof&#xED;a de la ciencia. -- ll: Las estructuras l&#xF3;gicas y el lenguaje. -- lll: Ciencias f&#xE1;cticas. -- IV: Tecnolog&#xED;as de las ciencias naturales y sociales. -- V: Corrientes epistemol&#xF3;gicas contempor&#xE1;neas. -- Vl Problemas espec&#xED;ficos en ciencias econ&#xF3;mico-sociales. -- Vll: Las dimensiones &#xE9;ticas de la ciencia. -- Bibliograf&#xED;a. -- &#xCD;ndice de autores.</subfield>
  </datafield>
  <datafield tag="650" ind1=" " ind2="7">
    <subfield code="a">Filosof&#xED;a de la ciencia</subfield>
    <subfield code="2">armarc</subfield>
    <subfield code="9">1526</subfield>
  </datafield>
  <datafield tag="650" ind1=" " ind2="7">
    <subfield code="a">Lenguaje y l&#xF3;gica</subfield>
    <subfield code="2">lemb</subfield>
    <subfield code="9">36263</subfield>
  </datafield>
  <datafield tag="650" ind1=" " ind2="7">
    <subfield code="a">Ciencia y tecnolog&#xED;a</subfield>
    <subfield code="2">lemb</subfield>
    <subfield code="9">44988</subfield>
  </datafield>
  <datafield tag="650" ind1=" " ind2=" ">
    <subfield code="a">Filosofia y tecnologia</subfield>
    <subfield code="9">100016</subfield>
  </datafield>
  <datafield tag="650" ind1=" " ind2=" ">
    <subfield code="a">Paradigmas (Ciencias sociales)</subfield>
    <subfield code="9">36409</subfield>
  </datafield>
  <datafield tag="650" ind1=" " ind2="7">
    <subfield code="a">Ciencia y &#xE9;tica</subfield>
    <subfield code="2">lemb</subfield>
    <subfield code="9">39159</subfield>
  </datafield>
  <datafield tag="650" ind1=" " ind2=" ">
    <subfield code="a">Ciencia y econom&#xED;a</subfield>
    <subfield code="9">90871</subfield>
  </datafield>
  <datafield tag="650" ind1=" " ind2="7">
    <subfield code="a">Investigaci&#xF3;n social</subfield>
    <subfield code="2">lemb</subfield>
    <subfield code="9">2355</subfield>
  </datafield>
  <datafield tag="650" ind1=" " ind2="7">
    <subfield code="a">Investigaci&#xF3;n cient&#xED;fica</subfield>
    <subfield code="x">Metodolog&#xED;a</subfield>
    <subfield code="2">armarc</subfield>
    <subfield code="9">164214</subfield>
  </datafield>
  <datafield tag="700" ind1="1" ind2="0">
    <subfield code="a">Luque, Susana de</subfield>
    <subfield code="4">aut</subfield>
    <subfield code="e">aut</subfield>
    <subfield code="9">454076</subfield>
  </datafield>
  <datafield tag="700" ind1="1" ind2="0">
    <subfield code="a">Moralejo, Enrique</subfield>
    <subfield code="4">aut</subfield>
    <subfield code="e">aut</subfield>
    <subfield code="9">447929</subfield>
  </datafield>
  <datafield tag="700" ind1="1" ind2="0">
    <subfield code="a">Pardo, Ruben H.</subfield>
    <subfield code="4">aut</subfield>
    <subfield code="e">aut</subfield>
    <subfield code="9">447964</subfield>
  </datafield>
  <datafield tag="700" ind1="1" ind2="0">
    <subfield code="a">Rivera, Silvia</subfield>
    <subfield code="4">aut</subfield>
    <subfield code="e">aut</subfield>
    <subfield code="9">447965</subfield>
  </datafield>
  <datafield tag="942" ind1=" " ind2=" ">
    <subfield code="c">BOOK</subfield>
  </datafield>
  <datafield tag="999" ind1=" " ind2=" ">
    <subfield code="c">455914</subfield>
    <subfield code="d">455914</subfield>
  </datafield>
  <datafield tag="952" ind1=" " ind2=" ">
    <subfield code="0">0</subfield>
    <subfield code="1">0</subfield>
    <subfield code="4">0</subfield>
    <subfield code="7">0</subfield>
    <subfield code="8">GEN</subfield>
    <subfield code="a">BC</subfield>
    <subfield code="b">BC</subfield>
    <subfield code="d">2010-03-19</subfield>
    <subfield code="e">Material pagado con consignaci&#xF3;n</subfield>
    <subfield code="i">C1082612</subfield>
    <subfield code="l">0</subfield>
    <subfield code="o">300.018 M593</subfield>
    <subfield code="p">0737626</subfield>
    <subfield code="r">2023-04-27 00:00:00</subfield>
    <subfield code="t">1</subfield>
    <subfield code="w">2023-04-27</subfield>
    <subfield code="y">BOOK</subfield>
  </datafield>
  <datafield tag="952" ind1=" " ind2=" ">
    <subfield code="0">0</subfield>
    <subfield code="1">0</subfield>
    <subfield code="4">0</subfield>
    <subfield code="7">0</subfield>
    <subfield code="8">GENERAL</subfield>
    <subfield code="a">BE</subfield>
    <subfield code="b">BE</subfield>
    <subfield code="d">2008-01-15</subfield>
    <subfield code="e">CIS (Corporacion Interuniversitaria de Servicios)</subfield>
    <subfield code="g">33065.00</subfield>
    <subfield code="i">C985510</subfield>
    <subfield code="l">0</subfield>
    <subfield code="o">H62 M4-97</subfield>
    <subfield code="p">0715708</subfield>
    <subfield code="r">2026-04-24 07:37:59</subfield>
    <subfield code="t">1</subfield>
    <subfield code="w">2023-04-27</subfield>
    <subfield code="y">BOOK</subfield>
  </datafield>
</record>
